Potreby, hodnoty a spôsob života

Enregistré dans:
Détails bibliographiques
Auteur principal: Bauerová, Edit
Autres auteurs: Klepáčová, Eleonóra, Kopecká, Katarína
Format: Livre
Langue:slovaque
Publié: Bratislava Výskumný ústav sociálneho rozvoja a práce 1990
Collection:Výskumné práce 14
Tags: Ajouter un tag
Pas de tags, Soyez le premier à ajouter un tag!

MARC

LEADER 00000nam a2200000 4500
001 c032313
005 20240419070413.8
041 0 |a slo 
044 |a SK 
245 1 0 |a Potreby, hodnoty a spôsob života  |c Edita Bauerová, Eleonóra Klepáčová, Katarína Kopecká 
264 1 |a Bratislava  |b Výskumný ústav sociálneho rozvoja a práce  |c 1990 
300 |a 76 s. 
490 1 |a Výskumné práce  |v 14 
830 0 |a Výskumné práce  |v 14 
100 1 |a Bauerová, Edit 
700 1 |a Klepáčová, Eleonóra 
700 1 |a Kopecká, Katarína